Представление документа в формате MARC21

Поле Инд. ПП Название Значение
Тип записи a
Библиографический уровень b
001 Контрольный номер UNIDUBNA86e3c39a52164f30861555fac8cb97ff
005 Дата корректировки 20230118121433.1
008 Кодируемые данные 20170331
040 b Код языка каталог. rus
e Правила каталог. PSBO
041 0_ a Код языка текста rus
084 a Индекс другой классификации/Индекс ББК 88.92; 88.93; 60.991.5
100 1_ a Автор Дробчик С. Ю.
245 10 a Заглавие Опыт работы с несовершеннолетней будущей мамой в период изоляции в социально-реабилитационном центре
520 0_ a Аннотация Рассматривается модульная программа, направленная на создание благоприятных условий для подготовки несовершеннолетней мамы к рождению ребенка, принятию нового образа себя и формирование ответственного родительства.
650 14 a Основная рубрика практическая психология (прикладная психология)
a Основная рубрика психокоррекция
a Основная рубрика психологическое консультирование
a Основная рубрика социальная работа
653 0_ a Ключевые слова беседа
a Ключевые слова индивидуальное консультирование
a Ключевые слова материнство
a Ключевые слова несовершеннолетние
a Ключевые слова несовершеннолетние матери
a Ключевые слова обучение
a Ключевые слова ответственное родительство
a Ключевые слова практические занятия
a Ключевые слова практические навыки
a Ключевые слова психологические тренинги
a Ключевые слова психосоциальная поддержка
a Ключевые слова реабилитационные программы
a Ключевые слова родительство
a Ключевые слова социально-бытовые навыки
a Ключевые слова социально-реабилитационные центры
a Ключевые слова уход за ребенком
773 08 t Заглавие источника Работник социальной службы
d Дата издания источника 2022
g Прочая информация № 2. - С. 103 - 106
w Контрольный № источника UNIDUBNAc41b9801e9584e759702dc43fa4d67e4
901 t Тип документа b